000 00701nam a2200241 a 4500
001 BRL_1726
005 20190320211336.0
008 150615s1987----dk-#######---#000-0#eng-#
020 _a8798285114
041 _aeng
044 _adk
050 4 _aTT1
_b.W67 1986
110 2 _aWorld Crafts Council
_922826
245 1 0 _aAnnual report 1986
_bWorld Crafts Council
260 _aDinamarca
_bWorld Crafts Council
_c1987
300 _a166 p.
_bil. (algunas a color)
_c21 cm.
500 _aej.1 Au2301, ej.2 Au2300, ej.3 Au2299.
500 _aLa biblioteca tiene 3 ejemplares
650 1 4 _aArtesanĂ­as
_xCongresos
_922827
650 1 4 _aArtesanos
_xCongresos
_922828
902 _aGRL
942 _2lcc
_cB
999 _c10534
_d10534